000 00671nam a2200229Ia 4500
005 20241129115521.0
008 241129s9999||||xx |||||||||||||| ||und||
020 _a9789811340253
037 _aTB
040 _aSDCL
_beng
_cSDCL
041 _aeng
_2eng
084 _aX9W:(W) Q8;1
_qSDCL
100 _aAnnigeri Vinod B. Ed.; Deshpande R. S. Ed.; Dholakia Ravindra Ed.
_9727635
245 0 _aIssues in Indian public policies
260 _aSingapore
_bSpringer
_c2018
300 _axviii,225p.
365 _aINR
_b1695
490 _aIndia studies in business and economics
650 _aGift
942 _cTB
_hX9W:(W) Q8;1
999 _c1230777
_d1230777